[Event "Deltalift op"]
[Site "Tylosand"]
[Date "2012.05.19"]
[Round "7"]
[White "Madebrink, Lars"]
[Black "Von Bromssen, Goran"]
[Result "1-0"]
[WhiteElo "2245"]
[BlackElo "2074"]
[PlyCount "99"]
[EventDate "2012.05.17"]
[EventType "swiss"]
[EventRounds "8"]
[EventCountry "SWE"]
[SourceTitle "CBM 148 Extra"]
[Source "ChessBase"]
[SourceDate "2012.06.22"]
[SourceVersion "1"]
[SourceVersionDate "2012.06.22"]
[SourceQuality "1"]

1. d4 Nf6 2. Nf3 e6 3. c4 b6 4. g3 Bb7 5. Bg2 Be7 6. 0-0 0-0 7. Qd3 d5 8. Nc3 dxc4 9. Qxc4 a6 10. Bf4 Bd6 11. Ne5 Bxg2 12. Kxg2 b5 13. Qd3 Qc8 14. Qf3 Ra7 15. Ne4 Nxe4 16. Qxe4 Qb7 17. Qxb7 Rxb7 18. Rac1 f6 19. Nc6 Bxf4 20. gxf4 Kf7 21. e3 Nxc6 22. Rxc6 Ra8 23. Rfc1 Raa7 24. Kf3 Ke7 25. Ke4 b4 26. h4 Kd7 27. R6c5 Rb5 28. h5 Kd6 29. f5 exf5+ 30. Kxf5 Ke7 31. Ke4 Kd6 32. h6 gxh6 33. Rc6+ Ke7 34. Rxc7+ Rxc7 35. Rxc7+ Kd6 36. Rxh7 Rh5 37. Rb7 a5 38. Rb6+ Ke7 39. Ra6 Rh2 40. Kf3 Rh5 41. b3 Kf7 42. e4 Rb5 43. Kf4 Ke7 44. d5 Rc5 45. Kf5 Rc2 46. Ra7+ Kd6 47. f4 Rxa2 48. Kxf6 Ra3 49. Ra6+ Kd7 50. e5 1-0

[Event "SWE-chT2 0910"]
[Site "Sweden"]
[Date "2010.03.12"]
[Round "7"]
[White "Von Bromssen, Goran"]
[Black "Todorovic, Zoran"]
[Result "1-0"]
[WhiteElo "2047"]
[BlackElo "2099"]
[PlyCount "103"]
[EventDate "2009.10.24"]
[EventType "team"]
[EventRounds "9"]
[EventCountry "SWE"]
[SourceTitle "EXT 2011"]
[Source "ChessBase"]
[SourceDate "2010.11.26"]
[SourceVersion "1"]
[SourceVersionDate "2010.11.26"]
[SourceQuality "1"]
[WhiteTeam "Manhem II"]
[BlackTeam "Stockholm Rockaden II"]
[WhiteTeamCountry "SWE"]
[BlackTeamCountry "SWE"]

1. d4 Nf6 2. c4 e6 3. g3 d5 4. Bg2 c6 5. Nf3 Bb4+ 6. Bd2 Bxd2+ 7. Nbxd2 0-0 8. 0-0 b6 9. Ne5 Bb7 10. Rc1 Nbd7 11. Ndf3 Rc8 12. Qa4 a6 13. Rfd1 h6 14. h3 Ne4 15. Qb3 b5 16. c5 f5 17. Nxd7 Qxd7 18. Ne5 Qd8 19. Bxe4 fxe4 20. Qe3 Rf5 21. Rf1 Qc7 22. f3 exf3 23. Rxf3 Rxf3 24. Qxf3 Rf8 25. Qg4 Rf5 26. Rf1 Rxf1+ 27. Kxf1 Qe7 28. b4 Qf6+ 29. Kg2 Qf5 30. Qf3 g5 31. g4 Qf8 32. Kg3 Kg7 33. h4 Qe8 34. hxg5 hxg5 35. Qe3 Qe7 36. Nf3 Kg6 37. Qe5 Qf6 38. Qb8 Qg7 39. Qe8+ Kf6 40. Qd8+ Qe7 41. Qxe7+ Kxe7 42. Nxg5 Bc8 43. Kf4 Kf6 44. Nf3 Bd7 45. Ne5 Be8 46. g5+ Ke7 47. Kg4 Kf8 48. g6 Kg8 49. Kg5 Kg7 50. e3 Kg8 51. Kf6 Kf8 52. Ng4 1-0

[Event "SWE-chT2 0708"]
[Site "Sweden"]
[Date "2008.01.12"]
[Round "4"]
[White "Von Bromssen, Goran"]
[Black "Broddefalk, Arvid"]
[Result "1/2-1/2"]
[WhiteElo "2086"]
[BlackElo "1985"]
[PlyCount "56"]
[EventDate "2007.10.20"]
[EventType "team"]
[EventRounds "9"]
[EventCountry "SWE"]
[SourceTitle "EXT 2009"]
[Source "ChessBase"]
[SourceDate "2008.11.26"]
[SourceVersion "1"]
[SourceVersionDate "2008.11.26"]
[SourceQuality "1"]
[WhiteTeam "Manhem II"]
[BlackTeam "Vastervik"]
[WhiteTeamCountry "SWE"]
[BlackTeamCountry "SWE"]

1. d4 f5 2. c4 Nf6 3. Nf3 g6 4. g3 Bg7 5. Bg2 0-0 6. 0-0 d6 7. Nc3 Qe8 8. Qc2 c6 9. Bd2 e5 10. dxe5 dxe5 11. e4 f4 12. Rae1 Nh5 13. Ne2 Na6 14. gxf4 exf4 15. Bc3 Nc5 16. Bxg7 Nxg7 17. Ned4 Nce6 18. Rd1 Nxd4 19. Rxd4 Qe7 20. Ne1 Ne6 21. Rd1 Ng5 22. f3 Nf7 23. Nd3 Ne5 24. Nxe5 Qxe5 25. Rf2 Be6 26. b3 Rad8 27. Rfd2 Rxd2 28. Qxd2 g5 1/2-1/2